1469 1951 1301 1669 1589 1555 1297 1871 1852 1678 1706 1607 1660 1301 1360 1390 1455 1121 1852 1517 1641 1743 1342 1598 1221 1097 1616 1505 1104 1088 1851 1294 1820 1063 1205 1112 1652 1785 1469 1186 1658 1616 1989 1550 1929 1558 1117 1085 1266 1609 1729 1318 1577 1375 1485 1735 1846 1416 1473 1927 1605 1180 1335 1661 1414 1073 1992 1525 1494 1613 1461 1121 1700 1141 1504 1574 1551 1833 1019 1489 1764 1577 1955 1322 1001 1428 1284 1770 1086 1157 1978 1701 1485 1416 1026 1938 1468 1544 1617 BCNSPRNW ULIB Ver.6.0+V

เปลี่ยนเป็นภาษาไทย

Change to English
 แสดงรายละเอียดบรรณานุกรม
  กลับหน้าหลัก

Brief Record : Get Marc (ISO 2709) : E-mail record : QR code < ปิดหน้าต่าง
LEADER : 00000nam 2200000uu 4500
001    13399125647
003     ULIB
008    170713s2559||||th 000 0 tha d
020    ^a9786161812331
060  4  ^aWO500^bบ969
245  0  ^aไบเบิลศัลยกรรมเกาหลี /^cThe Grand Plastic Surgery, เขียน ; อภิศรี, แปล.
250    ^aพิมพ์ครั้งที่ 1.
260    ^aกรุงเทพฯ :^bอมรินทร์เฮลท์,^c2559.
300    ^a185 หน้า :^bภาพประกอบ ;^c22 ซม.
490    ^aชุดความงาม ;^vลำดับที่ 47
650    ^aสตรี^xความงาม.
650    ^aสุขภาพกับความงาม.
650    ^aศัลยกรรมตกแต่ง.
700  0  ^aอภิศรี,^eผู้แปล.
945    ^p365^l0^i002627
999    ^aประนอม เกษจรัล
รายการนี้ยังไม่มีแท็ก
คุณยังไม่ได้ล็อกอิน คุณสามารถมีกิจกรรมร่วมกับเว็บไซต์ได้ แต่ต้องล็อกอินก่อน ::
  ล็อกอิน

รายการสื่อสารสนเทศ

ลำดับที่ ประเภท เลขเรียก/บาร์โค้ด สถานที่ สถานะ
1. วิทยาศาสตร์การแพทย์ และสุขภาพ
วิทยาศาสตร์การแพทย์ และสุขภาพ
WO500 บ969 ฉ.1 
  Barcode: 002627
ห้องสมุดวิทยาเขตสวรรค์ประชารักษ์
►ส่วนจัดเก็บหนังสือเก่า สปร
บนชั้น
  ขอยืม

รายการใกล้เคียง
    หัวเรื่อง [สุขภาพกับความงาม.]
    หัวเรื่อง [ศัลยกรรมตกแต่ง.]

BibComment


ยังไม่เคยถูกคอมเมนท์

คอมเมนท์ทรัพยากรรายการนี้
  คอมเมนท์: ไบเบิลศัลยกรรมเ..


 Copyright 2026. Bcnsprnw @Library